Work of the youth employment service: report (Record no. 495893)

000 -LEADER
fixed length control field 00369cam a22001097a 4500
008 - FIXED-LENGTH DATA ELEMENTS--GENERAL INFORMATION
fixed length control field 180718b1971 xxu||||| |||| 00| 0 eng d
082 ## - DEWEY DECIMAL CLASSIFICATION NUMBER
Classification number R175x42 Un3/1968-1971
245 ## - TITLE STATEMENT
Title Work of the youth employment service: report
Statement of responsibility, etc. by Department of Employment
260 ## - PUBLICATION, DISTRIBUTION, ETC.
Place of publication, distribution, etc. London
Name of publisher, distributor, etc. Her Majesty's Stationery Office
Date of publication, distribution, etc. 1971
300 ## - PHYSICAL DESCRIPTION
Extent xi, 56p
700 ## - ADDED ENTRY--PERSONAL NAME
Personal name U.K. Department of Employment
Holdings
Withdrawn status Lost status Damaged status Not for loan Permanent Location Current Location Date acquired Full call number Barcode Date last seen Price effective from Koha item type
        Indian Institute of Public Administration Indian Institute of Public Administration 2018-08-04 R175x42 Un3/1968-1971 G11172 2018-08-04 2018-08-04 G

Powered by Koha